000 00968nam0a2200301 4500
001 RU\NLR\bibl\543363
005 20260405083424.0
010 _a5-465-00137-2
_97000
021 _aRU
_b2004-37976
_91893
035 _a(NLR Aleph) 000535593
090 _a1380607
_c1380607
100 _a20040805d2004 |||y0rusy50 ca
101 0 _arus
102 _aRU
105 _ay |||||||||
200 1 _aНе было бы счастья...
_e[Повесть]
_fСаша Антонова
210 _aМ.
_cОмега
_d2004
215 _a381, [2] с.
_d17
225 1 _aИронический детектив
_fРед. и сост.: Георгий Пилиев
686 _aШ6(2=Р)75-446
700 1 _4070
_7ca
_8rus
_aАнтонова
_bС.
_cписатель
_gСаша
_912892
_3RU\NLR\AUTH\7729864
801 0 _aRU
_bNLR
_c20040805
_gPSBO
801 1 _aRU
_bNLR
_c20040805
942 _cBOOK
980 _aNB